00423nam a2200169Ia 450000500170000000800410001702000180005804100080007608200150008410000130009924500250011226000380013730000090017550000280018465000280021270000130024020251120191249.0230125s9999 xx 000 0 und d a81-7649-336-8 aeng a158.1bGRE aGreene R aThe 48 laws of power c2007bViva publicationaNew Delhi a195p aPersonality Development aPersonality Development aGreene R